| Tag |
First Indicator |
Second Indicator |
Subfields |
| LEADER |
00000cam a2200000 a 4500 |
| 001 |
in00001513428 |
| 005 |
20151021101453.0 |
| 008 |
980331s1999 nyu b 000 0 eng |
| 010 |
|
|
|a 98019813
|
| 020 |
|
|
|a 0195115996 (cloth : alk. paper)
|
| 035 |
|
|
|a (OCoLC)38908809
|
| 035 |
|
|
|9 AJL0037AM
|
| 040 |
|
|
|a DLC
|c DLC
|d YDX
|d TXA
|d UtOrBLW
|
| 049 |
|
|
|a TXAM
|
| 050 |
0 |
0 |
|a BJ1409
|b .M28 1999
|
| 082 |
0 |
0 |
|a 179
|2 21
|
| 100 |
1 |
|
|a Mayerfeld, Jamie.
|
| 245 |
1 |
0 |
|a Suffering and moral responsibility /
|c Jamie Mayerfeld.
|
| 264 |
|
1 |
|a New York :
|b Oxford University Press,
|c 1999.
|
| 300 |
|
|
|a xiii, 237 pages ;
|c 24 cm.
|
| 336 |
|
|
|a text
|b txt
|2 rdacontent
|
| 337 |
|
|
|a unmediated
|b n
|2 rdamedia
|
| 338 |
|
|
|a volume
|b nc
|2 rdacarrier
|
| 490 |
1 |
|
|a Oxford ethics series
|
| 504 |
|
|
|a Includes bibliographical references and index.
|
| 650 |
|
0 |
|a Suffering
|x Moral and ethical aspects.
|
| 650 |
|
0 |
|a Responsibility.
|
| 830 |
|
0 |
|a Oxford ethics series.
|
| 948 |
|
|
|a c:cer
|
| 999 |
|
|
|a MARS
|
| 999 |
f |
f |
|s 634e3e25-7a52-3118-be1f-f5a7b60b43f0
|i 268c87ce-53a9-3f9a-9be6-54ab54e80c6b
|t 0
|
| 952 |
f |
f |
|p ric
|a Texas A&M University
|b Rellis Campus
|c Joint Library Facility
|d Remote Storage
|t 0
|e BJ1409 .M28 1999
|h Library of Congress classification
|i unmediated -- volume
|m A14825260143
|
| 998 |
f |
f |
|a BJ1409 .M28 1999
|t 0
|l Remote Storage
|